[Event "45th World Open"]
[Site "Philadelphia"]
[Date "2017.07.01"]
[Round "3"]
[White "Perelshteyn, Eugene"]
[Black "Chua, Alexander"]
[Result "1-0"]
[WhiteElo "2511"]
[BlackElo "2300"]
[PlyCount "61"]
[EventDate "2017.07.??"]
[EventType "swiss"]
[EventRounds "9"]
[EventCountry "USA"]

1. d4 d5 2. c4 e6 3. Nc3 Nf6 4. Nf3 Bb4 5. g3 O-O 6. Bg2 dxc4 7. a3 Bxc3+ 8.
bxc3 Nc6 9. O-O Rb8 10. Bg5 b6 11. e4 h6 12. Bh4 Qe8 13. Bxf6 gxf6 14. Nd2 Na5
15. Qh5 Kg7 16. Rae1 e5 17. d5 Nb3 18. Nxc4 b5 19. Ne3 Nd2 20. Bh3 Bxh3 21.
Qxh3 Rh8 22. Nf5+ Kf8 23. Kg2 Nxf1 24. Rxf1 Rb6 25. Qh4 Qd8 26. c4 bxc4 27. Rc1
c6 28. d6 c5 29. Rxc4 Rxd6 30. Rxc5 Qb6 31. Qxf6 1-0

[Event "45th World Open"]
[Site "Philadelphia"]
[Date "2017.07.01"]
[Round "3"]
[White "Garcia, Jan"]
[Black "Shrentzel, Israel"]
[Result "1/2-1/2"]
[WhiteElo "2436"]
[BlackElo "2230"]
[PlyCount "73"]
[EventDate "2017.07.??"]
[EventType "swiss"]
[EventRounds "9"]
[EventCountry "USA"]

1. c4 Nf6 2. g3 e6 3. Nf3 d5 4. Bg2 d4 5. O-O c5 6. e3 Nc6 7. exd4 cxd4 8. d3
Be7 9. Re1 O-O 10. Ne5 Nxe5 11. Rxe5 Bd6 12. Re1 e5 13. Na3 Re8 14. Nb5 Bc5 15.
Bg5 a6 16. Bxf6 gxf6 17. Na3 f5 18. Nc2 a5 19. a3 Ra6 20. b4 Bf8 21. Bd5 Bg7
22. bxa5 Rxa5 23. Nb4 Qc7 24. Qb3 Be6 25. Ra2 b5 26. Bxe6 fxe6 27. cxb5 Rxb5
28. Rc2 Qb7 29. Rec1 Re7 30. Rc8+ Kf7 31. Qc4 Bh6 32. Re1 Bd2 33. Rb1 e4 34.
Rh8 e3 35. Qxd4 Qf3 36. Rxh7+ Kg6 37. Rxe7 1/2-1/2

[Event "45th World Open"]
[Site "Philadelphia"]
[Date "2017.07.01"]
[Round "3"]
[White "Wheeler, Cameron"]
[Black "Menon, Gopal"]
[Result "1/2-1/2"]
[WhiteElo "2407"]
[BlackElo "2209"]
[PlyCount "30"]
[EventDate "2017.07.??"]
[EventType "swiss"]
[EventRounds "9"]
[EventCountry "USA"]

1. d4 Nf6 2. c4 c5 3. d5 g6 4. Nc3 Bg7 5. e4 d6 6. Nf3 O-O 7. Be2 e6 8. dxe6
Bxe6 9. Bf4 Qa5 10. O-O Nc6 11. Qd2 Nd4 12. Nxd4 cxd4 13. Nd5 Qxd2 14. Nxf6+
Bxf6 15. Bxd2 Rfc8 1/2-1/2

[Event "45th World Open"]
[Site "Philadelphia"]
[Date "2017.07.01"]
[Round "3"]
[White "Williams, Justus"]
[Black "Kaulule, Kela"]
[Result "1-0"]
[WhiteElo "2382"]
[BlackElo "2165"]
[PlyCount "87"]
[EventDate "2017.07.??"]
[EventType "swiss"]
[EventRounds "9"]
[EventCountry "USA"]

1. c4 Nf6 2. g3 c6 3. Bg2 g6 4. e4 d6 5. Nc3 Bg7 6. d4 O-O 7. Nf3 Bg4 8. Be3 e5
9. h3 exd4 10. Bxd4 Be6 11. Qe2 Qa5 12. O-O Nbd7 13. Rfd1 Rfe8 14. Rac1 Bh6 15.
Be3 Bf8 16. Nd4 a6 17. Nxe6 fxe6 18. Bf4 d5 19. cxd5 exd5 20. Qc2 Nh5 21. Be3
b5 22. g4 Nhf6 23. exd5 c5 24. d6 Rac8 25. Nd5 Qd8 26. Bg5 Bxd6 27. Nxf6+ Nxf6
28. Qd3 Kg7 29. Qxd6 Re1+ 30. Kh2 Re8 31. Qxd8 Rcxd8 32. Rxd8 Rxd8 33. Rxc5 Rd6
34. Rc6 Ne8 35. Rxd6 Nxd6 36. Bd5 b4 37. Be7 Nb5 38. Bxb4 Kf6 39. Bc4 Nc7 40.
Bc3+ Kg5 41. Kg3 h5 42. Bg7 h4+ 43. Kf3 Ne8 44. Be5 1-0

[Event "45th World Open"]
[Site "Philadelphia"]
[Date "2017.07.01"]
[Round "3"]
[White "Wang, Kevin"]
[Black "Nguyen, Tan"]
[Result "1-0"]
[WhiteElo "2367"]
[BlackElo "1949"]
[PlyCount "81"]
[EventDate "2017.07.??"]
[EventType "swiss"]
[EventRounds "9"]
[EventCountry "USA"]

1. e4 g6 2. d4 Bg7 3. Nc3 d6 4. Be3 a6 5. Qd2 Nd7 6. h4 h5 7. Nh3 b5 8. Ng5 Bb7
9. f3 c5 10. a4 b4 11. Bc4 e6 12. Ne2 Rc8 13. dxc5 dxc5 14. Rd1 Qe7 15. Qxd7+
Qxd7 16. Rxd7 Kxd7 17. Nxf7 Bxb2 18. Nxh8 Bxh8 19. Nf4 Rc6 20. Nxg6 Bf6 21. Ke2
Be7 22. Ne5+ Kc7 23. Nxc6 Bxc6 24. Bxe6 Nf6 25. Bb3 Nd7 26. Bf4+ Kc8 27. Rd1
Nb6 28. Bg5 Bxg5 29. Be6+ Kc7 30. hxg5 Be8 31. a5 Na4 32. Ke3 Nc3 33. Rd3 h4
34. f4 Bh5 35. f5 Nd1+ 36. Kf4 Nf2 37. Rd7+ Kc6 38. g6 c4 39. g7 h3 40. gxh3
Nxh3+ 41. Ke5 1-0

[Event "45th World Open"]
[Site "Philadelphia"]
[Date "2017.07.01"]
[Round "3"]
[White "Korley, Kassa"]
[Black "Proleiko, Julian"]
[Result "1-0"]
[WhiteElo "2389"]
[BlackElo "2156"]
[PlyCount "117"]
[EventDate "2017.07.??"]
[EventType "swiss"]
[EventRounds "9"]
[EventCountry "USA"]

1. d4 d5 2. Bf4 Nf6 3. e3 c5 4. Nf3 Nc6 5. Nc3 Bg4 6. dxc5 Rc8 7. a3 e5 8. Bg5
e4 9. h3 Be6 10. Nd4 Bxc5 11. Bb5 O-O 12. Bxc6 bxc6 13. b4 Be7 14. Na4 h6 15.
Bh4 Nd7 16. Bxe7 Qxe7 17. Qd2 Qg5 18. g3 Qf6 19. Nc5 a5 20. Nxd7 Bxd7 21. Kf1
Rfe8 22. Kg2 Re5 23. Qe2 Ra8 24. Nb3 h5 25. Nd4 Rg5 26. c3 Qd6 27. Kf1 Bc8 28.
h4 Rg6 29. Kg1 Bg4 30. Qd2 Qe5 31. Rh2 Qe7 32. Nb3 axb4 33. cxb4 Bf3 34. Nd4
Qe5 35. a4 Ra6 36. Ra2 Rg4 37. Qe1 Qe7 38. a5 Qd6 39. Rc2 g5 40. hxg5 Qg6 41.
b5 cxb5 42. Rc8+ Kh7 43. Qc3 b4 44. Qb2 f6 45. Rc7+ Kh8 46. Qxb4 Ra8 47. Ne6 h4
48. Qe7 Rb8 49. Rc1 Re8 50. Nf8 Qh5 51. Qxf6+ Kg8 52. Rc7 Rxg5 53. Ne6 Qg6 54.
Qxg5 Rxe6 55. Qd8+ Qe8 56. Qxd5 hxg3 57. Rh6 gxf2+ 58. Kxf2 Bg4 59. Qg5+ 1-0

[Event "45th World Open"]
[Site "Philadelphia"]
[Date "2017.07.01"]
[Round "3"]
[White "Nguyen, Trung"]
[Black "Colas, Joshua"]
[Result "1-0"]
[WhiteElo "2132"]
[BlackElo "2369"]
[PlyCount "59"]
[EventDate "2017.07.??"]
[EventType "swiss"]
[EventRounds "9"]
[EventCountry "USA"]

1. d4 Nf6 2. c4 e6 3. Nf3 d5 4. g3 Bb4+ 5. Bd2 Be7 6. Bg2 O-O 7. Qc2 c6 8. O-O
b6 9. Bf4 a5 10. Ne5 Bb7 11. Rd1 Na6 12. a3 Rc8 13. Nc3 dxc4 14. Nxc4 Nd5 15.
Bd2 c5 16. dxc5 Nxc5 17. Be1 Na6 18. Qb3 Nc5 19. Qc2 Qc7 20. Nxd5 exd5 21. Ne3
d4 22. Rxd4 Bxg2 23. Kxg2 Qb7+ 24. Kg1 a4 25. Rad1 Ne6 26. Qe4 Qa6 27. Rxa4
Qxe2 28. Nf5 Qxd1 29. Nxe7+ Kh8 30. Qxh7+ 1-0

[Event "45th World Open"]
[Site "Philadelphia"]
[Date "2017.07.01"]
[Round "3"]
[White "Ruiz, Joshua"]
[Black "Abdi, Farzad"]
[Result "1-0"]
[WhiteElo "2367"]
[BlackElo "2142"]
[PlyCount "67"]
[EventDate "2017.07.??"]
[EventType "swiss"]
[EventRounds "9"]
[EventCountry "USA"]

1. e4 e5 2. Nf3 Nc6 3. Bb5 Nf6 4. Qe2 d6 5. O-O Be7 6. c3 O-O 7. Rd1 a6 8. Ba4
b5 9. Bb3 Na5 10. Bc2 c5 11. d4 Qc7 12. d5 c4 13. b4 cxb3 14. axb3 Bd7 15. Ba3
Bg4 16. h3 Bxf3 17. Qxf3 Rfc8 18. Ra2 Nb7 19. b4 Nd7 20. Bc1 Nb6 21. Qg3 a5 22.
Bh6 Bf6 23. Bd3 axb4 24. Rxa8 Rxa8 25. cxb4 Ra1 26. Rc1 Nc4 27. Nc3 Rxc1+ 28.
Bxc1 Qb6 29. Bf1 Qa6 30. Nxb5 Qa1 31. Qc3 Qxc3 32. Nxc3 Nb6 33. Be3 Bd8 34. Ba6
1-0

[Event "45th World Open"]
[Site "Philadelphia"]
[Date "2017.07.01"]
[Round "3"]
[White "Aaron, Deepak"]
[Black "Frenkel, Benjamin"]
[Result "1-0"]
[WhiteElo "2321"]
[BlackElo "2115"]
[PlyCount "77"]
[EventDate "2017.07.??"]
[EventType "swiss"]
[EventRounds "9"]
[EventCountry "USA"]

1. e4 e5 2. Nf3 Nc6 3. Bb5 a6 4. Ba4 d6 5. c3 f5 6. Qe2 Nf6 7. exf5 Bxf5 8. d4
e4 9. Bg5 Be7 10. Nh4 Bg4 11. f3 exf3 12. gxf3 Bd7 13. Bxf6 gxf6 14. Rg1 f5 15.
Bc2 Rf8 16. f4 Ne5 17. Qh5+ Nf7 18. Nf3 Be6 19. Nbd2 Qd7 20. c4 c6 21. Bb3 Qc7
22. O-O-O d5 23. Rde1 Qd7 24. Ne5 Qc7 25. Rg7 O-O-O 26. Nxf7 Bb4 27. Rxe6 Qxf4
28. Nxd8 Qxd2+ 29. Kb1 dxc4 30. Qe2 Qxd4 31. Rg3 cxb3 32. Rd3 bxa2+ 33. Ka1 Qc5
34. Qd1 Rg8 35. Kxa2 Rg1 36. Re8 Qc4+ 37. Qb3 Ra1+ 38. Kxa1 Qc1+ 39. Ka2 1-0

[Event "45th World Open"]
[Site "Philadelphia"]
[Date "2017.07.02"]
[Round "4.1"]
[White "Lenderman, Aleksandr"]
[Black "Le, Liem"]
[Result "1/2-1/2"]
[WhiteElo "2585"]
[BlackElo "2726"]
[PlyCount "81"]
[EventDate "2017.07.??"]
[EventType "swiss"]
[EventRounds "9"]
[EventCountry "USA"]
[WhiteClock "0:48:32"]
[BlackClock "0:34:03"]

1. d4 d5 2. c4 e6 3. Nf3 Nf6 4. g3 Bb4+ 5. Bd2 Bd6 6. Qc2 c6 7. Nc3 Nbd7 8. e4
e5 9. cxd5 cxd5 10. exd5 O-O 11. O-O-O exd4 12. Nxd4 Nb6 13. Bg5 h6 14. Bxf6
Qxf6 15. Ne4 Qg6 16. Nxd6 Qxd6 17. Nb5 Qf6 18. Nc3 Bd7 19. Kb1 Rac8 20. Qd2 Bg4
21. Be2 Rxc3 22. bxc3 Bxe2 23. Qxe2 Na4 24. Rd3 Nxc3+ 25. Rxc3 Qxc3 26. Rd1 Rc8
27. Qd3 Qxd3+ 28. Rxd3 Rc7 29. d6 Rd7 30. Kc2 Kf8 31. Kc3 Rd8 32. Kc4 Rc8+ 33.
Kb5 Rd8 34. a4 Ke8 35. Re3+ Kf8 36. Kc5 Rc8+ 37. Kd5 Rc2 38. Re7 Rd2+ 39. Kc5
Rc2+ 40. Kd5 Rd2+ 41. Ke4 1/2-1/2

[Event "45th World Open"]
[Site "Philadelphia"]
[Date "2017.07.02"]
[Round "4.2"]
[White "Xiong, Jeffrey"]
[Black "Mandizha, Farai"]
[Result "1/2-1/2"]
[WhiteElo "2658"]
[BlackElo "2342"]
[PlyCount "42"]
[EventDate "2017.07.??"]
[EventType "swiss"]
[EventRounds "9"]
[EventCountry "USA"]
[WhiteClock "0:57:42"]
[BlackClock "1:20:59"]

1. d4 Nf6 2. c4 e6 3. Nf3 d5 4. g3 Bb4+ 5. Bd2 Be7 6. Bg2 c6 7. Qc2 O-O 8. O-O
Nbd7 9. Rd1 b6 10. Bf4 Ba6 11. Ne5 Rc8 12. cxd5 cxd5 13. Nc6 Bb5 14. Nxe7+ Qxe7
15. Nc3 a5 16. Rdc1 Ba6 17. Qd1 h6 18. Bf3 Rfd8 19. Qb3 Rc4 20. Nb5 e5 21. dxe5
Nxe5 1/2-1/2

[Event "45th World Open"]
[Site "Philadelphia"]
[Date "2017.07.02"]
[Round "4.3"]
[White "Stripunsky, Alexander"]
[Black "Petrosian, Tigran"]
[Result "1/2-1/2"]
[WhiteElo "2536"]
[BlackElo "2595"]
[PlyCount "92"]
[EventDate "2017.07.??"]
[EventType "swiss"]
[EventRounds "9"]
[EventCountry "USA"]
[WhiteClock "0:16:08"]
[BlackClock "0:18:32"]

1. e4 d6 2. d4 Nf6 3. Nc3 g6 4. Bg5 c6 5. Qd2 Qa5 6. Bd3 h6 7. Bh4 Bg7 8. f4 e5
9. dxe5 dxe5 10. f5 Nbd7 11. Nge2 b5 12. O-O Bb7 13. Kh1 g5 14. Bf2 a6 15. a4
Qc7 16. Ng3 O-O 17. Qe2 Rfd8 18. Nd1 Qd6 19. Be3 c5 20. axb5 axb5 21. Rxa8 Bxa8
22. Bxb5 Bxe4 23. Nc3 Bc6 24. Rd1 Bxb5 25. Qxb5 Qb8 26. b3 Qxb5 27. Nxb5 Ra8
28. Nd6 Ra2 29. Rc1 Nd5 30. Bd2 Nf4 31. Nde4 Bf8 32. Nc3 Ra8 33. Nge4 Kg7 34.
g3 Nh5 35. Kg2 Nhf6 36. Kf3 g4+ 37. Ke2 c4 38. bxc4 Rc8 39. Kd3 Bb4 40. Rb1
Bxc3 41. Nxc3 Nc5+ 42. Ke3 Ne8 43. Rb6 Nd7 44. Rb7 Nc5 45. Rb6 Nd7 46. Rb7 Nc5
1/2-1/2

[Event "45th World Open"]
[Site "Philadelphia"]
[Date "2017.07.02"]
[Round "4.4"]
[White "Zhou, Jianchao"]
[Black "Zheng, Andrew"]
[Result "1-0"]
[WhiteElo "2595"]
[BlackElo "2252"]
[PlyCount "59"]
[EventDate "2017.07.??"]
[EventType "swiss"]
[EventRounds "9"]
[EventCountry "USA"]
[WhiteClock "0:41:27"]
[BlackClock "0:05:51"]

1. d4 Nf6 2. c4 e6 3. Nc3 b6 4. e4 Bb4 5. Bd3 Bb7 6. Qc2 Bxc3+ 7. bxc3 d6 8. f4
c5 9. Nf3 Nbd7 10. a4 Rc8 11. d5 exd5 12. exd5 O-O 13. O-O Re8 14. Bd2 h6 15.
h3 a6 16. Rab1 b5 17. Bf5 Rb8 18. axb5 axb5 19. Rxb5 Nb6 20. Qa2 g6 21. Bd3
Nfd7 22. Rfb1 Qc7 23. h4 Ra8 24. Qb2 Ra6 25. f5 g5 26. hxg5 Rea8 27. gxh6 Ra2
28. Qc1 Ba6 29. Qe1 Kh8 30. Qe7 1-0

[Event "45th World Open"]
[Site "Philadelphia"]
[Date "2017.07.02"]
[Round "4"]
[White "Jayaraman, Arvind"]
[Black "Daza, Emilio"]
[Result "0-1"]
[WhiteElo "2178"]
[BlackElo "2651"]
[PlyCount "78"]
[EventDate "2017.07.??"]
[EventType "swiss"]
[EventRounds "9"]
[EventCountry "USA"]

1. Nf3 c5 2. e4 Nc6 3. Nc3 d6 4. d4 cxd4 5. Nxd4 Nf6 6. Bg5 e6 7. Qd2 a6 8.
O-O-O h6 9. Be3 Bd7 10. f3 Rc8 11. Nxc6 Bxc6 12. Kb1 Be7 13. Qf2 b5 14. Bd3 Qc7
15. Qg3 g6 16. Rhe1 b4 17. Ne2 a5 18. Nd4 Bd7 19. f4 e5 20. fxe5 dxe5 21. Nb5
Bxb5 22. Bxb5+ Kf8 23. Bd3 a4 24. Rf1 Kg7 25. b3 Rhd8 26. Bc1 a3 27. Qe3 Ng4
28. Qf3 Bg5 29. Bc4 Rxd1 30. Qxd1 Nf6 31. Bxg5 hxg5 32. Qd2 Nxe4 33. Qxb4 f5
34. Ka1 Qa7 35. Rd1 Rd8 36. Bd3 Rd4 37. Qe1 Qc5 38. Bc4 Qb4 39. Rc1 Rxc4 0-1

[Event "45th World Open"]
[Site "Philadelphia"]
[Date "2017.07.02"]
[Round "4"]
[White "Zherebukh, Yaroslav"]
[Black "Shetty, Atulya"]
[Result "1-0"]
[WhiteElo "2642"]
[BlackElo "2422"]
[PlyCount "92"]
[EventDate "2017.07.??"]
[EventType "swiss"]
[EventRounds "9"]
[EventCountry "USA"]

1. d4 d5 2. Bf4 Nf6 3. e3 c5 4. c3 Nc6 5. Nd2 e6 6. Ngf3 Bd6 7. Bg3 O-O 8. Bd3
b6 9. Qe2 Bb7 10. Rd1 Ne7 11. Bxd6 Qxd6 12. Ne5 Ne4 13. O-O f6 14. Nec4 Qc6 15.
Bxe4 dxe4 16. dxc5 Qxc5 17. Nb3 Qc7 18. Nd4 Ba6 19. b3 Nd5 20. Nxe6 Bxc4 21.
bxc4 Nxc3 22. Qg4 Qf7 23. Nxf8 Nxd1 24. Qxe4 Rd8 25. Ne6 Qe7 26. Qg4 Rd6 27.
Nf4 Nc3 28. h4 Qd7 29. Qh5 g6 30. Qf3 Qc6 31. Rc1 Qxf3 32. gxf3 Nxa2 33. Rb1
Nc3 34. Rb3 g5 35. hxg5 fxg5 36. Nh3 Na4 37. Ra3 Nb2 38. Rxa7 Nxc4 39. Rc7 b5
40. Rc5 Rb6 41. Nxg5 Na3 42. Rc8+ Kg7 43. Rc7+ Kg6 44. Ne4 b4 45. Nd2 Rd6 46.
Nb3 Rb6 1-0

[Event "45th World Open"]
[Site "Philadelphia"]
[Date "2017.07.02"]
[Round "4"]
[White "Smith, Bryan"]
[Black "Nyzhnyk, Illia"]
[Result "0-1"]
[WhiteElo "2441"]
[BlackElo "2612"]
[PlyCount "88"]
[EventDate "2017.07.??"]
[EventType "swiss"]
[EventRounds "9"]
[EventCountry "USA"]

1. e4 e6 2. d4 d5 3. Nd2 c5 4. Ngf3 cxd4 5. exd5 Qxd5 6. Bc4 Qd7 7. Nb3 Nc6 8.
O-O a6 9. a4 Nf6 10. Qe2 Bd6 11. Rd1 e5 12. Nbxd4 Nxd4 13. Rxd4 Qe7 14. Rh4 O-O
15. Bg5 Bf5 16. Bd3 e4 17. Bxe4 Rae8 18. Re1 Bxe4 19. Bxf6 Qxf6 20. Rxe4 Rxe4
21. Qxe4 Qxb2 22. Ng5 g6 23. g3 Qb4 24. Qxb4 Bxb4 25. Rb1 a5 26. c3 Bxc3 27.
Rxb7 Bb4 28. f4 f6 29. Ne4 Rf7 30. Rb5 f5 31. Nc5 Rc7 32. Nb3 Ra7 33. Kf2 h5
34. Ke3 Kg7 35. Kd4 Kh6 36. h4 Be1 37. Ke3 Rc7 38. Nxa5 Bxg3 39. Rb3 Ra7 40.
Rb5 Bxh4 41. Nc6 Rxa4 42. Ne5 Bg3 43. Nd3 h4 44. Rd5 h3 0-1

[Event "45th World Open"]
[Site "Philadelphia"]
[Date "2017.07.02"]
[Round "4"]
[White "Sevian, Samuel"]
[Black "Checa, Nicolas"]
[Result "1-0"]
[WhiteElo "2601"]
[BlackElo "2415"]
[PlyCount "81"]
[EventDate "2017.07.??"]
[EventType "swiss"]
[EventRounds "9"]
[EventCountry "USA"]

1. Nf3 d5 2. g3 Bg4 3. Bg2 Nd7 4. O-O c6 5. h3 Bh5 6. d3 e5 7. Nbd2 Bd6 8. e4
Ne7 9. exd5 cxd5 10. c4 O-O 11. cxd5 Nxd5 12. Nc4 Bc7 13. Re1 Re8 14. Qb3 N5b6
15. Bg5 Qb8 16. Be3 Nxc4 17. dxc4 Bb6 18. Bxb6 axb6 19. Qb5 Qc7 20. Rad1 Re7
21. g4 Bg6 22. Qd5 Rae8 23. b3 h6 24. Nh4 Bh7 25. Qxb7 Qxb7 26. Bxb7 Nc5 27.
Bc6 Rc8 28. Rd6 Nd3 29. Re2 e4 30. Rxd3 exd3 31. Rxe7 Kf8 32. Rd7 Rxc6 33. Nf5
Bxf5 34. gxf5 Rf6 35. Rxd3 Rxf5 36. a4 Ke7 37. Kg2 h5 38. Rd4 g5 39. h4 g4 40.
Rd5 Rf3 41. Rb5 1-0

[Event "45th World Open"]
[Site "Philadelphia"]
[Date "2017.07.02"]
[Round "4"]
[White "Williams, Justus"]
[Black "Erenburg, Sergey"]
[Result "0-1"]
[WhiteElo "2382"]
[BlackElo "2550"]
[PlyCount "124"]
[EventDate "2017.07.??"]
[EventType "swiss"]
[EventRounds "9"]
[EventCountry "USA"]

1. c4 c6 2. g3 d5 3. Bg2 Nf6 4. Nf3 dxc4 5. O-O b5 6. d3 cxd3 7. Ne5 Bb7 8. Nc3
a6 9. Qb3 e6 10. Nxd3 Nbd7 11. Rd1 Be7 12. a4 O-O 13. Bf4 Nd5 14. e4 Nxf4 15.
Nxf4 Nc5 16. Qc2 Qc7 17. b4 Nxa4 18. Nxa4 bxa4 19. Rxa4 Rfd8 20. Rda1 c5 21.
bxc5 Qxc5 22. Qa2 h6 23. Rb1 Ra7 24. Rc4 Qe5 25. Qc2 a5 26. Nd3 Qd6 27. Nf4 Ba6
28. Rc6 Qe5 29. Qa2 Bb7 30. Rcb6 Bxe4 31. Qe2 Rd4 32. Rb8+ Bf8 33. R1b5 Qd6 34.
Bxe4 a4 35. R5b6 Qc7 36. R6b7 Rxb7 37. Rxb7 Qd8 38. Kg2 a3 39. Ra7 Rd7 40. Ra8
Qe7 41. Bb1 Rd8 42. Rxd8 Qxd8 43. Qe4 g6 44. h4 Bg7 45. h5 g5 46. Ne2 Qd2 47.
Qc4 Qb2 48. Ba2 Qb7+ 49. Kg1 Qf3 50. Qc8+ Bf8 51. Qc2 Qxh5 52. Qe4 Be7 53. Kg2
Kg7 54. Bb1 Qg6 55. Qxg6+ fxg6 56. Ba2 Kf6 57. Nd4 e5 58. Nc2 Bc5 59. Kf3 h5
60. Na1 g4+ 61. Ke2 g5 62. Nb3 Bb4 0-1

[Event "45th World Open"]
[Site "Philadelphia"]
[Date "2017.07.02"]
[Round "4"]
[White "Virkud, Apurva"]
[Black "Perelshteyn, Eugene"]
[Result "0-1"]
[WhiteElo "2252"]
[BlackElo "2511"]
[PlyCount "54"]
[EventDate "2017.07.??"]
[EventType "swiss"]
[EventRounds "9"]
[EventCountry "USA"]

1. d4 Nf6 2. c4 g6 3. f3 d5 4. cxd5 Nxd5 5. e4 Nb6 6. Nc3 Bg7 7. Be3 O-O 8. Qd2
e5 9. d5 c6 10. h4 cxd5 11. exd5 Na6 12. O-O-O Bd7 13. Kb1 Rc8 14. Bg5 f6 15.
Be3 Na4 16. Nxa4 Bxa4 17. b3 Bd7 18. Bd3 f5 19. h5 e4 20. Bxa6 f4 21. Bd4 e3
22. Qb2 Bxd4 23. Qxd4 bxa6 24. Ne2 Bf5+ 25. Ka1 Rc2 26. Nc3 Qb6 27. Na4 Rc1+
0-1

[Event "45th World Open"]
[Site "Philadelphia"]
[Date "2017.07.02"]
[Round "4"]
[White "Barbosa, Oliver"]
[Black "Niemann, Hans"]
[Result "1-0"]
[WhiteElo "2511"]
[BlackElo "2282"]
[PlyCount "147"]
[EventDate "2017.07.??"]
[EventType "swiss"]
[EventRounds "9"]
[EventCountry "USA"]

1. Nf3 Nf6 2. c4 g6 3. Nc3 d5 4. cxd5 Nxd5 5. Qb3 Nb6 6. d4 Bg7 7. e4 Nc6 8. d5
Nb8 9. a4 c6 10. Be3 O-O 11. a5 N6d7 12. Be2 cxd5 13. exd5 Na6 14. O-O b6 15.
Nd4 Bb7 16. Nc6 Qe8 17. Qa3 e6 18. Rfe1 Nac5 19. a6 Bxc6 20. dxc6 Ne5 21. Bb5
Nxc6 22. b4 Nxa6 23. Bxa6 Qe7 24. Rab1 Rad8 25. Ne4 Nd4 26. Qa2 h6 27. Bf1 Kh7
28. b5 e5 29. Nc3 Nf5 30. Bc1 Rfe8 31. Ba3 Qb7 32. Ne4 Rd4 33. Rb4 Qd7 34. Rxd4
Nxd4 35. Bb2 f5 36. Ng3 e4 37. Qb1 Rd8 38. Kh1 Ne6 39. Bxg7 Kxg7 40. Qa1+ Kh7
41. Re2 Qe7 42. Ra2 Rd7 43. Qe5 Qf7 44. Qc3 Nc5 45. Rd2 f4 46. Rxd7 Qxd7 47.
Ne2 Qxb5 48. Kg1 Qd3 49. Qe5 e3 50. Qc7+ Qd7 51. Qxd7+ Nxd7 52. Nxf4 exf2+ 53.
Kxf2 g5 54. Nd5 Kg6 55. Ne7+ Kf6 56. Nc8 Ke6 57. Nxa7 Nf6 58. Nc8 Ng4+ 59. Kg1
Kf5 60. Nxb6 h5 61. Bd3+ Kf4 62. Be2 Nf6 63. Bf3 Ke5 64. Kf2 g4 65. Bb7 h4 66.
Ke3 Nh5 67. Nc4+ Kf6 68. Bc8 Kg5 69. Ne5 Nf6 70. Be6 h3 71. g3 Nh5 72. Nxg4
Nxg3 73. hxg3 h2 74. Nxh2 1-0

[Event "45th World Open"]
[Site "Philadelphia"]
[Date "2017.07.02"]
[Round "4"]
[White "Turgut, Tansel"]
[Black "Hernandez, Holden"]
[Result "0-1"]
[WhiteElo "2262"]
[BlackElo "2510"]
[PlyCount "74"]
[EventDate "2017.07.??"]
[EventType "swiss"]
[EventRounds "9"]
[EventCountry "USA"]

1. d4 Nf6 2. Bf4 c5 3. e3 d5 4. c3 Nc6 5. Nd2 Qb6 6. Qb3 c4 7. Qc2 g6 8. e4
Nxe4 9. Nxe4 dxe4 10. d5 Nb8 11. Be3 Qb5 12. O-O-O Bf5 13. h3 h5 14. Ne2 Bg7
15. Nd4 Qa6 16. a4 Nd7 17. Nb5 Rc8 18. Nxa7 Nc5 19. Nxc8 Nd3+ 20. Kd2 Bxc8 21.
Ra1 O-O 22. f3 f5 23. fxe4 fxe4 24. Bxd3 exd3 25. Qd1 Rf5 26. g4 Rxd5 27. Qf3
Ra5 28. Rhf1 Qe6 29. Rae1 hxg4 30. hxg4 Re5 31. Bf4 Rxe1 32. Rxe1 Qd7 33. Qe4
Qxg4 34. Qxc4+ Kf8 35. Qe4 e5 36. Qb4+ Kg8 37. Rxe5 Bxe5 0-1

[Event "45th World Open"]
[Site "Philadelphia"]
[Date "2017.07.02"]
[Round "4"]
[White "Ruiz, Joshua"]
[Black "Bachmann, Axel"]
[Result "1/2-1/2"]
[WhiteElo "2367"]
[BlackElo "2653"]
[PlyCount "145"]
[EventDate "2017.07.??"]
[EventType "swiss"]
[EventRounds "9"]
[EventCountry "USA"]

1. e4 e5 2. Nf3 Nc6 3. Bb5 a6 4. Ba4 Nf6 5. O-O Be7 6. Re1 b5 7. Bb3 O-O 8. h3
d6 9. c3 Na5 10. Bc2 c5 11. d4 Nd7 12. d5 c4 13. b4 cxb3 14. axb3 Nb7 15. b4
Nb6 16. Bd3 Bd7 17. Re2 Qc8 18. Rea2 Na4 19. c4 bxc4 20. Bc2 Nb6 21. Rxa6 Rxa6
22. Rxa6 Na8 23. Nc3 Nc7 24. Ra2 Nb5 25. Bb2 Bd8 26. Nxb5 Bxb5 27. Bc3 Bd7 28.
Qe2 f5 29. Nd2 fxe4 30. Qxe4 g6 31. Qe3 Bf5 32. Bxf5 Qxf5 33. Ra7 Bg5 34. Qb6
Nc5 35. Nf3 Ne4 36. Be1 Bd8 37. Qc6 g5 38. Qb7 Qg6 39. b5 c3 40. Qc6 g4 41.
hxg4 Qxg4 42. Ra8 Nd2 43. Bxd2 cxd2 44. Nxd2 Qf4 45. Nf3 e4 46. Ra4 Qf5 47.
Qxd6 exf3 48. Qe6+ Qxe6 49. dxe6 Bb6 50. Rg4+ Kh8 51. Re4 Re8 52. gxf3 Kg7 53.
Kg2 Kf6 54. f4 Bc7 55. Kf3 Bd6 56. Re1 h6 57. Kg4 Rb8 58. Rh1 Bf8 59. Rb1 Bc5
60. b6 h5+ 61. Kxh5 Kf5 62. Kh6 Bf8+ 63. Kh5 Bc5 64. Kh6 Rh8+ 65. Kg7 Bd4+ 66.
Kf7 Rh7+ 67. Kg8 Rh8+ 68. Kf7 Rh7+ 69. Kg8 Rb7 70. e7 Rxe7 71. b7 Re8+ 72. Kf7
Rb8 73. Ke7 1/2-1/2

[Event "45th World Open"]
[Site "Philadelphia"]
[Date "2017.07.02"]
[Round "4"]
[White "Li, Zhaozhi"]
[Black "Stukopin, Andrey"]
[Result "0-1"]
[WhiteElo "2364"]
[BlackElo "2577"]
[PlyCount "104"]
[EventDate "2017.07.??"]
[EventType "swiss"]
[EventRounds "9"]
[EventCountry "USA"]

1. d4 Nf6 2. c4 e6 3. Nf3 d5 4. Nc3 c5 5. cxd5 cxd4 6. Nxd4 Nxd5 7. Bd2 Nb4 8.
Nf3 Be7 9. g3 b6 10. a3 N4c6 11. Bg2 Bb7 12. O-O O-O 13. Bf4 Qc8 14. Qc2 Nd7
15. Nb5 e5 16. Nxe5 Ndxe5 17. Bxe5 Nxe5 18. Qxc8 Raxc8 19. Bxb7 Rc2 20. b3 Rb8
21. Bg2 a5 22. e3 Rd8 23. Be4 Rb2 24. Rfb1 Rbd2 25. h3 g6 26. Rc1 f5 27. Bc2 h5
28. b4 h4 29. Kg2 Kh8 30. Bb3 hxg3 31. Kxg3 Nd3 32. Rc2 Nxf2 33. Rxd2 Rxd2 34.
Ra2 Ne4+ 35. Kf4 Rd3 36. Bc4 Bg5+ 37. Ke5 Rxe3 38. Kd5 Rxh3 39. Kc6 Be3 40. Rg2
g5 41. Be6 Rh6 42. Kd5 f4 43. bxa5 bxa5 44. Kxe4 Rxe6+ 45. Kf3 Re5 46. Nd6 Kg7
47. Nc4 Rc5 48. Nxe3 fxe3 49. Kxe3 Kg6 50. Kd4 Rf5 51. Kc4 Rf4+ 52. Kb5 a4 0-1

[Event "45th World Open"]
[Site "Philadelphia"]
[Date "2017.07.02"]
[Round "4"]
[White "Li, Ruifeng"]
[Black "Aaron, Deepak"]
[Result "1-0"]
[WhiteElo "2571"]
[BlackElo "2321"]
[PlyCount "75"]
[EventDate "2017.07.??"]
[EventType "swiss"]
[EventRounds "9"]
[EventCountry "USA"]

1. e4 e6 2. d4 d5 3. Nc3 Bb4 4. Nge2 Nc6 5. a3 Ba5 6. Be3 Nge7 7. Qd3 dxe4 8.
Qxe4 Nd5 9. g3 f5 10. Qd3 e5 11. O-O-O e4 12. Qc4 Be6 13. Nxd5 Bxd5 14. Qa4 a6
15. Nf4 b5 16. Bxb5 axb5 17. Qxb5 O-O 18. Qxd5+ Qxd5 19. Nxd5 Rfd8 20. c4 Bb6
21. Kc2 Rxd5 22. cxd5 Ne7 23. d6 cxd6 24. d5 Rc8+ 25. Kb1 Bxe3 26. fxe3 Rc5 27.
b4 Rc3 28. Kb2 Rxe3 29. a4 Ng6 30. Rhe1 Rf3 31. Rf1 Re3 32. Rxf5 Re2+ 33. Kb3
e3 34. b5 Ne5 35. Rxe5 dxe5 36. b6 Rf2 37. b7 Rf8 38. a5 1-0